000 00426nam a2200157Ia 4500
008 230312s9999||||xx |||||||||||||| ||und||
020 _a0-07-069572-5
082 _a658.3
_bWER-H
100 _aWerther,Willam.B
245 0 _aHuman Resources and Management
260 _bMcGraw-Hill
_aNewYork
_c1996
300 _a637
546 _aEng.
650 _aManagement
_vFrameworks and Challenges,Preparation and Selection
942 _cBK
999 _c752
_d752